Latvian Regions - Statistics

General Stats
  • This quiz has been taken 96 times
  • The average score is 9 of 27
Answer Stats
Answer % Correct
Riga
93%
Daugavpils
66%
Liepaja
63%
Ventspils
59%
Jelgava
49%
Jekabpils
42%
Valmiera
42%
Kurzeme
39%
Latgale
39%
Ogre
39%
Tukums
37%
Vidzeme
37%
Talsi
34%
Zemgale
34%
Bauska
32%
Saldus
32%
Aluksne
31%
Madona
25%
Dobele
22%
Valka
20%
Gulbene
19%
Limbaži
19%
Kraslava
14%
Ludza
14%
Balvi
12%
Preili
8%
Riga(City)
2%
No matching quizzes found
Score Distribution
Percent of People with Each Score
Percentile by Number Answered
Your Score History
You have not taken this quiz